[Event "BCF-chT4S 1819 (4NCL)"]
[Site "England"]
[Date "2019.05.06"]
[Round "11.35"]
[White "Cranston, Adam"]
[Black "Bellers, Chris J"]
[Result "1/2-1/2"]
[WhiteElo "1802"]
[BlackElo "1929"]
[PlyCount "108"]
[EventDate "2018.11.17"]
[EventType "team-swiss"]
[EventRounds "11"]
[EventCountry "ENG"]
[SourceTitle "EXT 2021"]
[Source "ChessBase"]
[SourceDate "2020.10.23"]
[SourceVersion "1"]
[SourceVersionDate "2020.10.23"]
[SourceQuality "1"]
[WhiteTeam "Celtic Tigers II"]
[BlackTeam "Wessex II"]
[WhiteTeamCountry "ENG"]
[BlackTeamCountry "ENG"]

1. d4 g6 2. Bf4 Bg7 3. Nc3 d6 4. Nf3 Nd7 5. e4 a6 6. Qd2 h6 7. a3 e6 8. Bc4 b5 9. Bb3 Bb7 10. 0-0-0 Ne7 11. Qe3 Nb6 12. h4 Qd7 13. d5 e5 14. Bg3 f5 15. Qd3 f4 16. Bh2 Bf6 17. g3 g5 18. gxf4 gxf4 19. Nd2 Rg8 20. Rdg1 0-0-0 21. Qf3 Kb8 22. Qh5 Rxg1+ 23. Bxg1 Rh8 24. f3 Bc8 25. Bxb6 cxb6 26. Nd1 Qe8 27. Qxe8 Rxe8 28. h5 Rg8 29. a4 bxa4 30. Bxa4 b5 31. Bb3 Bd7 32. Nf2 Rg2 33. Nd3 Be8 34. c4 Kc7 35. c5 Nc8 36. c6 Kb6 37. Nf1 Rg5 38. Nf2 Bxh5 39. Nh2 Bg7 40. Bd1 Be8 41. Be2 Rg2 42. Nhg4 h5 43. Bf1 Rg3 44. Nh2 Bf6 45. Bh3 Ne7 46. Kd2 Rg7 47. Rc1 Ng6 48. b4 Nh4 49. Ke2 Bd8 50. Ra1 Ka7 51. Bc8 Kb8 52. Bb7 Rxb7 53. cxb7 Kxb7 54. Rg1 Ng6 1/2-1/2

[Event "BCF-chT4S 1819 (4NCL)"]
[Site "England"]
[Date "2019.05.04"]
[Round "9.34"]
[White "Bellers, Chris J"]
[Black "Volovich, Julia"]
[Result "1/2-1/2"]
[WhiteElo "1929"]
[BlackElo "1885"]
[PlyCount "47"]
[EventDate "2018.11.17"]
[EventType "team-swiss"]
[EventRounds "11"]
[EventCountry "ENG"]
[SourceTitle "EXT 2021"]
[Source "ChessBase"]
[SourceDate "2020.10.23"]
[SourceVersion "1"]
[SourceVersionDate "2020.10.23"]
[SourceQuality "1"]
[WhiteTeam "Wessex II"]
[BlackTeam "Poisoned Pawns Next Generation"]
[WhiteTeamCountry "ENG"]
[BlackTeamCountry "ENG"]

1. Nf3 f5 2. d3 d6 3. e4 e5 4. Nc3 Nf6 5. exf5 Bxf5 6. d4 e4 7. Nh4 Bg4 8. Be2 Bxe2 9. Qxe2 d5 10. f3 Nc6 11. Be3 Bb4 12. 0-0 exf3 13. Nxf3 Qe7 14. Rae1 0-0-0 15. Bg5 Qxe2 16. Rxe2 Rhe8 17. Bxf6 Bxc3 18. Rxe8 Rxe8 19. bxc3 gxf6 20. Kf2 Kd7 21. Ne1 Na5 22. Nd3 Nc4 23. Re1 Rxe1 24. Nxe1 1/2-1/2

[Event "BCF-chT4S 1718 (4NCL)"]
[Site "England"]
[Date "2018.03.25"]
[Round "8.62"]
[White "Bellers, Chris J"]
[Black "Tombolis, Christopher"]
[Result "1/2-1/2"]
[WhiteElo "1991"]
[BlackElo "1844"]
[PlyCount "84"]
[EventDate "2017.11.11"]
[EventType "team-swiss"]
[EventRounds "11"]
[EventCountry "ENG"]
[SourceTitle "EXT 2020"]
[Source "ChessBase"]
[SourceDate "2019.10.17"]
[SourceVersion "1"]
[SourceVersionDate "2019.10.17"]
[SourceQuality "1"]
[WhiteTeam "Wessex II"]
[BlackTeam "KJCA Kings II"]
[WhiteTeamCountry "ENG"]
[BlackTeamCountry "ENG"]

1. c4 Nf6 2. g3 e6 3. Bg2 d5 4. Nf3 Be7 5. 0-0 0-0 6. d4 dxc4 7. Ne5 c5 8. dxc5 Qc7 9. Nxc4 Rd8 10. Qc2 Nc6 11. e3 Nb4 12. Qb3 Qxc5 13. Nc3 Bd7 14. a3 Nd3 15. e4 Ng4 16. Be3 Qh5 17. h3 Nxe3 18. Nxe3 Bc5 19. Qc2 Bc6 20. Rad1 Ne5 21. Rxd8+ Rxd8 22. Rd1 Rc8 23. Ncd5 exd5 24. Qxc5 dxe4 25. Qd4 Re8 26. g4 Qg5 27. Bxe4 Nf3+ 28. Bxf3 Bxf3 29. Rd2 h5 30. Qd7 Bc6 31. Qf5 Qxf5 32. gxf5 Re4 33. Kh2 h4 34. Ng2 g5 35. fxg6 fxg6 36. Ne3 g5 37. Rd6 Kf7 38. Rd2 Re5 39. b4 a5 40. Rd4 axb4 41. axb4 Ke7 42. Kg1 b5 1/2-1/2

[Event "BCF-chT4S 1718 (4NCL)"]
[Site "England"]
[Date "2018.02.11"]
[Round "6.44"]
[White "Bellers, Chris J"]
[Black "Gibbs, Dominic V"]
[Result "1/2-1/2"]
[WhiteElo "1991"]
[BlackElo "1842"]
[PlyCount "48"]
[EventDate "2017.11.11"]
[EventType "team-swiss"]
[EventRounds "11"]
[EventCountry "ENG"]
[SourceTitle "EXT 2020"]
[Source "ChessBase"]
[SourceDate "2019.10.17"]
[SourceVersion "1"]
[SourceVersionDate "2019.10.17"]
[SourceQuality "1"]
[WhiteTeam "Wessex II"]
[BlackTeam "Iceni II"]
[WhiteTeamCountry "ENG"]
[BlackTeamCountry "ENG"]

1. b3 e5 2. Bb2 d6 3. g3 c5 4. Bg2 Nc6 5. e3 g6 6. Ne2 Bg7 7. d3 Nf6 8. Nd2 0-0 9. h3 Be6 10. a3 Qd7 11. Nf3 h6 12. g4 Qe7 13. Ng3 Nh7 14. e4 Nd4 15. Bc1 f6 16. Rb1 Rf7 17. 0-0 Nxf3+ 18. Qxf3 Ng5 19. Qe2 Bd7 20. f4 exf4 21. Bxf4 Ne6 22. Be3 Raf8 23. Qd2 Kh7 24. Rf2 Nd8 1/2-1/2

[Event "BCF-chT3Sb 1516 (4NCL)"]
[Site "England"]
[Date "2015.11.14"]
[Round "1.99"]
[White "Bellers, Chris J"]
[Black "Kay, Jonathan"]
[Result "0-1"]
[WhiteElo "2018"]
[BlackElo "1935"]
[PlyCount "94"]
[EventDate "2015.11.14"]
[EventType "team-swiss"]
[EventRounds "7"]
[EventCountry "ENG"]
[SourceTitle "CBM 169 Extra"]
[Source "ChessBase"]
[SourceDate "2015.12.18"]
[SourceVersion "1"]
[SourceVersionDate "2015.12.18"]
[SourceQuality "1"]

1. c4 e6 2. g3 d5 3. Bg2 Nf6 4. Nf3 c6 5. 0-0 Bd6 6. b3 Nbd7 7. Bb2 0-0 8. d4 b6 9. Nbd2 Bb7 10. Qc2 Rc8 11. e4 dxe4 12. Nxe4 Nxe4 13. Qxe4 Nf6 14. Qd3 c5 15. Rad1 cxd4 16. Bxd4 Bc5 17. Bxc5 Qxd3 18. Rxd3 Rxc5 19. Rfd1 e5 20. Nd2 e4 21. Rd4 Re5 22. Nf1 Rfe8 23. Ne3 h5 24. Bh3 h4 25. gxh4 Nh5 26. Ng2 f5 27. Rd7 Bc8 28. R7d5 Kf7 29. Rxe5 Rxe5 30. Rd8 Be6 31. Rh8 Kg6 32. Ra8 Ra5 33. a4 Kf6 34. Rh8 g6 35. Rh7 b5 36. Rc7 bxa4 37. bxa4 Rxa4 38. Ne3 Ra1+ 39. Bf1 f4 40. Nd5+ Bxd5 41. cxd5 Ke5 42. Rc6 f3 43. Ra6 Rd1 44. d6 Nf4 45. h3 Ne2+ 46. Kh2 Rxf1 47. d7 Rxf2+ 0-1

[Event "Bournemouth op 4th"]
[Site "Bournemouth"]
[Date "2015.06.21"]
[Round "5"]
[White "Harman, Kenneth B"]
[Black "Bellers, Chris J"]
[Result "1-0"]
[WhiteElo "2166"]
[BlackElo "2018"]
[PlyCount "165"]
[EventDate "2015.06.19"]
[EventType "swiss"]
[EventRounds "5"]
[EventCountry "ENG"]
[SourceTitle "CBM 167 Extra"]
[Source "ChessBase"]
[SourceDate "2015.09.14"]
[SourceVersion "1"]
[SourceVersionDate "2015.09.14"]
[SourceQuality "1"]

1. e4 g6 2. d4 Bg7 3. Nc3 c5 4. d5 d6 5. Nf3 Nf6 6. a4 0-0 7. Be2 Na6 8. 0-0 Nc7 9. Nd2 b6 10. f3 a6 11. Nc4 Rb8 12. Be3 Nd7 13. Qd2 Ne5 14. Na3 Bd7 15. h3 f5 16. f4 Nf7 17. Nc4 b5 18. axb5 axb5 19. Na5 b4 20. Nd1 fxe4 21. Nc4 Nh6 22. g4 Nf7 23. Nf2 Bb5 24. Rab1 Bxc4 25. Bxc4 Nb5 26. Nxe4 Qd7 27. Kg2 Ra8 28. Qd3 Ra5 29. c3 bxc3 30. Nxc3 Nxc3 31. bxc3 Qa7 32. Rf2 Rb8 33. Rfb2 Rxb2+ 34. Rxb2 Ra3 35. Rb3 Rxb3 36. Bxb3 Qa5 37. c4 Qa1 38. Bf2 Qc1 39. Qe4 Qb2 40. Bc2 Kf8 41. g5 Qc1 42. h4 Qd2 43. Kg3 Bb2 44. h5 Nxg5 45. fxg5 Qxg5+ 46. Qg4 Be5+ 47. Kh3 Qd2 48. Qf3+ Kg7 49. hxg6 hxg6 50. Bd3 Qh6+ 51. Kg2 Qg5+ 52. Bg3 Qd2+ 53. Be2 Qg5 54. Qg4 Qe3 55. Bh4 Bd4 56. Qf3 Qg1+ 57. Kh3 Be5 58. Bg3 Bf6 59. Bd3 Qc1 60. Bf4 Qe1 61. Qe4 Qh4+ 62. Kg2 Qg4+ 63. Bg3 Qg5 64. Kf3 Bd4 65. Bh4 Qh5+ 66. Kg2 Be5 67. Be2 Qh6 68. Qg4 Qe3 69. Bxe7 Bd4 70. Bg5 Qg1+ 71. Kf3 Qf2+ 72. Ke4 Qf7 73. Kd3 Qa7 74. Qf3 Qa3+ 75. Ke4 Qa2 76. Bd3 Qh2 77. Bf4 Qh4 78. Qg3 Qe7+ 79. Kf3 Qf6 80. Ke2 Qe7+ 81. Kd2 Qf6 82. Bxd6 Bf2 83. Qe5 1-0